书目信息 |
| 题名: |
铜冶炼工艺
|
|
| 作者: | 许并社 , 李明照 编著 | |
| 分册: | ||
| 出版信息: | 北京 化学工业出版社 2007 |
|
| 页数: | 294页 | |
| 开本: | 21cm | |
| 丛书名: | ||
| 单 册: | ||
| 中图分类: | TF811 | |
| 科图分类: | ||
| 主题词: | 炼铜 , 工艺 , 炼铜--工艺 | |
| 电子资源: | ||
| ISBN: | 978-7-5025-9677-4 | |
| 000 | 00942nam0 2200277 450 | |
| 000 | 00949nam0 2200277 450 | |
| 000 | 00881nam0 2200253 450 | |
| 000 | 00845nam0 2200241 45 | |
| 005 | 20070515143154.39 | |
| 010 | @a978-7-5025-9677-4@dCNY22.00 | |
| 100 | @a20070308d2007 em y0chiy0120 ea | |
| 101 | 0 | @achi |
| 102 | @aCN@b110000 | |
| 105 | @aA z 000yy | |
| 200 | 1 | @a铜冶炼工艺@Atong ye lian gong yi@f许并社,李明照编著 |
| 210 | @a北京@c化学工业出版社@d2007 | |
| 215 | @a294页@c图@d21cm | |
| 330 | @a本书介绍了冰铜熔炼与吹炼的基本原理、工艺设备及实践;粗铜的火法精炼与电解精炼:湿法炼铜的各种方法、基本原理、生产工艺及设备;再生铜墙铁壁的各种熔炼方法、设备、工艺、产物及再生铜的湿法熔炼等内容。 | |
| 606 | 0 | @a炼铜 |
| 606 | 0 | @a工艺 |
| 606 | 0 | @a炼铜@x工艺 |
| 690 | @aTF811@v4 | |
| 701 | 0 | @a许并社@Axu bing she@4编著 |
| 701 | 0 | @a李明照@Ali ming zhao@4编著 |
| 801 | 0 | @aCN@bTAOJIN@c20070515 |
| 905 | @a10447@dTF811@e25 | |
| 铜冶炼工艺/许并社,李明照编著.-北京:化学工业出版社,2007 |
| 294页:图;21cm |
| ISBN 978-7-5025-9677-4:CNY22.00 |
| 本书介绍了冰铜熔炼与吹炼的基本原理、工艺设备及实践;粗铜的火法精炼与电解精炼:湿法炼铜的各种方法、基本原理、生产工艺及设备;再生铜墙铁壁的各种熔炼方法、设备、工艺、产物及再生铜的湿法熔炼等内容。 |
| ● |
| 相关链接 |
|
|
|
|
正题名:铜冶炼工艺
索取号:TF811/25
 
预约/预借
| 序号 | 登录号 | 条形码 | 馆藏地/架位号 | 状态 | 备注 |
| 1 | 0520325 | 205203251 | 第二样本阅览室/ [索取号:TF811/25] | 在馆 | |
| 2 | 0520326 | 205203260 | 密集书库/ [索取号:TF811/25] | 在馆 | |
| 3 | 0520327 | 205203279 | 密集书库/ [索取号:TF811/25] | 在馆 | |
| 4 | 0520328 | 205203288 | 密集书库/ [索取号:TF811/25] | 在馆 | |
| 5 | 0520329 | 205203297 | 密集书库/ [索取号:TF811/25] | 在馆 | |
| 6 | 0520330 | 205203304 | 第三借阅区/ [索取号:TF811/25] | 在馆 | |
| 7 | 0520331 | 205203313 | 密集书库/ [索取号:TF811/25] | 在馆 | |
| 8 | 0520332 | 205203322 | 第三借阅区/ [索取号:TF811/25] | 在馆 |